[Event "Open Jastrzebie 2019"]
[Site "?"]
[Date "2019.08.13"]
[Round "2.13"]
[White "Kordela, Monika"]
[Black "Molenda, Marcin"]
[Result "0-1"]
[WhiteElo "1541"]
[BlackElo "2387"]
[PlyCount "50"]

1. d4 Nf6 2. c4 e6 3. Bg5 h6 4. Bh4 Bb4+ 5. Nd2 g5 6. Bg3 Ne4 7. Ngf3 Nc6 8. a3
Bxd2+ 9. Nxd2 Nxg3 10. hxg3 Nxd4 11. e3 Nc6 12. Ne4 d5 13. cxd5 exd5 14. Nc5
Qd6 15. Nb3 Bd7 16. Bb5 O-O-O 17. Bxc6 Bxc6 18. Qd4 Kb8 19. O-O-O Rhe8 20. Nd2
Qg6 21. Rh2 Bb5 22. Nf3 Rd6 23. Ne5 Rxe5 24. Qxe5 Rc6+ 25. Kd2 Qd3+ 0-1

[Event "Open Jastrzebie 2019"]
[Site "?"]
[Date "2019.08.13"]
[Round "2.15"]
[White "Aleshko, Igor L"]
[Black "Koloczek, Maciej"]
[Result "0-1"]
[WhiteElo "1270"]
[BlackElo "1958"]
[PlyCount "114"]

1. d4 Nf6 2. c4 g6 3. g3 Bg7 4. Bg2 O-O 5. Nc3 d6 6. Nf3 c6 7. O-O Qa5 8. e4 e5
9. Be3 Bg4 10. Qb3 Bxf3 11. Bxf3 Qc7 12. d5 Nbd7 13. Rfd1 Rfd8 14. Rac1 Bf8 15.
Qc2 Ne8 16. Bg4 Nb6 17. b3 h5 18. Bh3 Kh7 19. f4 exf4 20. Bxf4 c5 21. Rf1 Bg7
22. Bg5 f6 23. Bf4 Qe7 24. Rce1 Nc7 25. Qd3 a6 26. Kh1 Nd7 27. Bxd7 Qxd7 28.
Na4 Rab8 29. Nb6 Qe7 30. Kg2 Ne8 31. a4 Nc7 32. Rb1 Rf8 33. Rbe1 Rbe8 34. h3
Na8 35. Nxa8 Rxa8 36. a5 Qc7 37. Qd2 Rae8 38. b4 Re7 39. Re2 Rfe8 40. Rfe1 g5
41. e5 gxf4 42. Qd3+ Kg8 43. e6 fxg3 44. Qg6 cxb4 45. Re4 Qxa5 46. Rf1 Qa2+ 47.
Kxg3 Qb2 48. Rf2 Qc1 49. Kh4 Qg5+ 50. Qxg5 fxg5+ 51. Kxg5 a5 52. Kg6 b3 53. Rf7
b2 54. Re1 a4 55. c5 dxc5 56. Rxe7 Rxe7 57. d6 Rxe6+ 0-1

[Event "Open Jastrzebie 2019"]
[Site "?"]
[Date "2019.08.13"]
[Round "2.17"]
[White "Szymanski, Wojciech"]
[Black "Tomanec, Samuel"]
[Result "1-0"]
[WhiteElo "1500"]
[BlackElo "1207"]
[PlyCount "91"]

1. d4 d5 2. Nf3 Nf6 3. c4 e6 4. Nc3 Nbd7 5. e3 c6 6. Bd3 Be7 7. O-O O-O 8. Qc2
Qc7 9. cxd5 exd5 10. Bd2 Nb6 11. b3 h6 12. Rac1 Be6 13. Ne5 Bd6 14. Nb5 Qe7 15.
Nxd6 Qxd6 16. h3 Rfe8 17. f4 Rac8 18. f5 Bd7 19. b4 Ne4 20. Bxe4 dxe4 21. Qd1
Nd5 22. Qh5 Qe7 23. g4 Nf6 24. Qh4 Nh7 25. Qf2 Ng5 26. Qg3 Qd6 27. Rf4 Rxe5 28.
Bc3 Rd5 29. h4 Nf3+ 30. Kg2 g5 31. fxg6 fxg6 32. Rxe4 Qxg3+ 33. Kxg3 Rf8 34.
Re7 g5 35. h5 Nh4 36. e4 Rf3+ 37. Kh2 Rd6 38. e5 Rd5 39. e6 Bc8 40. b5 Kf8 41.
Bb4 Kg8 42. Re8+ Kg7 43. Rxc8 Re3 44. e7 Nf3+ 45. Kg2 Nh4+ 46. Kf2 1-0

[Event "Open Jastrzebie 2019"]
[Site "?"]
[Date "2019.08.13"]
[Round "2.18"]
[White "Gadlina, Adrian"]
[Black "Kotowicz, Kamil"]
[Result "1/2-1/2"]
[WhiteElo "1097"]
[BlackElo "1498"]
[PlyCount "59"]
[EventDate "2019.??.??"]

1. d4 e6 2. c4 f5 3. Nf3 Nf6 4. Nc3 d5 5. cxd5 exd5 6. Bg5 Be7 7. Qb3 c6 8. e3
O-O 9. Bd3 Kh8 10. Ne2 Ne4 11. Bxe7 Qxe7 12. O-O Nd7 13. Nf4 g5 14. Ne2 Ndf6
15. Qc2 h5 16. Ne5 Kg7 17. f3 Nd6 18. Ng3 f4 19. Nf5+ Nxf5 20. Bxf5 Qe8 21.
exf4 Bxf5 22. Qxf5 Nh7 23. Qd3 Rxf4 24. Rfe1 Rf6 25. Re2 Qd8 26. Rae1 Nf8 27.
Nd7 Nxd7 28. Re7+ Rf7 29. Rxf7+ Kxf7 30. Qh7+ 1/2-1/2

[Event "Open Jastrzebie 2019"]
[Site "?"]
[Date "2019.08.13"]
[Round "2.19"]
[White "Kozubek, Krystian"]
[Black "Piec, Patryk"]
[Result "1-0"]
[WhiteElo "1495"]
[BlackElo "1095"]
[PlyCount "77"]
[EventDate "2019.??.??"]

1. c4 e5 2. Nc3 Bb4 3. g3 d6 4. Bg2 Bxc3 5. bxc3 Nf6 6. Rb1 Nc6 7. d4 O-O 8. e3
Qe8 9. Ba3 Rb8 10. c5 Bf5 11. cxd6 Bxb1 12. dxc7 Rc8 13. Qxb1 Rxc7 14. Bxf8
Qxf8 15. Ne2 exd4 16. cxd4 Qb4+ 17. Qxb4 Nxb4 18. O-O Nxa2 19. Ra1 Rc2 20. Kf1
b6 21. Bf3 a5 22. d5 Kf8 23. Nd4 Rc1+ 24. Rxc1 Nxc1 25. Nb5 Nb3 26. Ke2 Nc5 27.
d6 Ke8 28. Bc6+ Kd8 29. Nc3 h6 30. f3 g5 31. e4 h5 32. Ke3 Nfd7 33. f4 f6 34.
h3 Kc8 35. h4 Ne6 36. Nd5 gxf4+ 37. gxf4 Nec5 38. e5 fxe5 39. fxe5 {Zapis
nieczytelny} 1-0

[Event "Open Jastrzebie 2019"]
[Site "?"]
[Date "2019.08.13"]
[Round "2.20"]
[White "Lysakowski, Kamil"]
[Black "Lubszczyk, Piotr"]
[Result "1-0"]
[WhiteElo "1494"]
[BlackElo "1067"]
[PlyCount "111"]

1. e4 c5 2. b3 a6 3. Nf3 Nc6 4. Bb2 d6 5. g3 e5 6. Bc4 Nf6 7. Ng5 d5 8. exd5
Nxd5 9. Qf3 Qxg5 10. Bxd5 Nd8 11. Qe4 Bd6 12. f4 Qe7 13. fxe5 Bc7 14. O-O O-O
15. d4 Bb6 16. c3 Ne6 17. Na3 Ng5 18. Qe3 cxd4 19. cxd4 Nh3+ 20. Kh1 Qd8 21.
Bg2 Ng5 22. Nc4 Ba7 23. Nd6 Qe7 24. Rad1 Rb8 25. Ba3 Bg4 26. Nc4 Qd8 27. Bxf8
Bxd1 28. Bd6 Bg4 29. Bxb8 Bxd4 30. Qd2 Bh3 31. Bd6 Bxg2+ 32. Kxg2 Ne6 33. Na5
b6 34. Nc6 Qa8 35. Rc1 f6 36. Kf1 Bc5 37. Qd3 Qe8 38. Bxc5 Nxc5 39. Qd8 Qxd8
40. Nxd8 Nd3 41. Rc6 Nxe5 42. Rxb6 Ng4 43. h3 Ne3+ 44. Ke2 Nf5 45. g4 Nd4+ 46.
Kd3 Nf3 47. Rxa6 Ng1 48. h4 Nf3 49. b4 Ne5+ 50. Kd4 Nxg4 51. b5 Ne5 52. b6 Nd7
53. b7 Nb8 54. Ra8 Nd7 55. b8=Q Nxb8 56. Rxb8 1-0

[Event "Open Jastrzebie 2019"]
[Site "?"]
[Date "2019.08.13"]
[Round "2.21"]
[White "Bala , Bartosz"]
[Black "Brak, Marian"]
[Result "1-0"]
[WhiteElo "1093"]
[BlackElo "1489"]
[PlyCount "120"]

1. e4 d5 2. exd5 Qxd5 3. Nc3 Qa5 4. Nf3 Bg4 5. Be2 Nf6 6. h3 Qh5 7. d3 c6 8.
Be3 e6 9. Qd2 Bb4 10. O-O-O Bxf3 11. Bxf3 Qa5 12. a3 Bxa3 13. bxa3 Qxa3+ 14.
Kb1 O-O 15. Na2 a5 16. Qc1 Qd6 17. Qb2 Nd5 18. Bxd5 cxd5 19. Qxb7 Nc6 20. Qb2
Rfb8 21. Bb6 Rxb6 22. Qxb6 Rb8 23. Qxb8+ Nxb8 24. c4 d4 25. Rc1 Qa3 26. Rhd1
Nc6 27. c5 Qb3+ 28. Ka1 a4 29. Rd2 g5 30. f3 Qa3 31. Kb1 h5 32. Rc4 Qb3+ 33.
Ka1 e5 34. Nc1 Qa3+ 35. Ra2 Qxa2+ 36. Kxa2 f5 37. Rxa4 g4 38. hxg4 hxg4 39.
fxg4 f4 40. Kb2 Kg7 41. Ra6 Ne7 42. c6 Kf6 43. c7+ Kg5 44. Re6 Nc8 45. Re8 Nd6
46. Rxe5+ Kxg4 47. Ne2 f3 48. gxf3+ Kxf3 49. Nxd4+ Kf4 50. Rd5 Nc8 51. Rd8 Nb6
52. c8=Q Nxc8 53. Rxc8 Ke3 54. Kc3 Kf4 55. Re8 Kg5 56. Nb5 Kf6 57. d4 Kf7 58.
Re2 Kf8 59. d5 Kf7 60. d6 Kf8 1-0

[Event "Open Jastrzebie 2019"]
[Site "?"]
[Date "2019.08.13"]
[Round "2.22"]
[White "Kopaczewski, Zbigniew"]
[Black "Rocek, Lukas"]
[Result "1-0"]
[WhiteElo "1464"]
[BlackElo "1030"]
[PlyCount "71"]

1. e3 e5 2. a3 d5 3. d4 e4 4. c4 c6 5. Nc3 Nf6 6. Qb3 Be7 7. Nge2 b6 8. cxd5
cxd5 9. Nf4 Bb7 10. Bb5+ Kf8 11. Bd2 g6 12. Qa2 Kg7 13. Ba4 Na6 14. h4 Nc7 15.
Bb3 a5 16. h5 Qd7 17. f3 a4 18. Bc2 Qf5 19. h6+ Kg8 20. Nxa4 Qg5 21. O-O-O Bd6
22. Rdg1 Nh5 23. Nxh5 gxh5 24. f4 Qxh6 25. g4 b5 26. Rxh5 Qe6 27. Nc5 Bxc5 28.
dxc5 h6 29. Bc3 Rh7 30. g5 Kf8 31. gxh6 Rxh6 32. Bg7+ Ke7 33. Rxh6 Qd7 34. Bf6+
Ke6 35. Bxe4 Ne8 36. f5# 1-0

[Event "Open Jastrzebie 2019"]
[Site "?"]
[Date "2019.08.13"]
[Round "2.23"]
[White "Rocek , Matyas"]
[Black "Lysakowski , Piotr"]
[Result "0-1"]
[WhiteElo "1048"]
[BlackElo "1415"]
[PlyCount "58"]

1. e4 e6 2. Nf3 d5 3. Nc3 d4 4. Ne2 c5 5. d3 Nc6 6. Bf4 h6 7. Qd2 Nf6 8. O-O-O
Be7 9. c3 a6 10. cxd4 cxd4 11. Be5 Nxe5 12. Nxe5 Qc7+ 13. Nc4 b5 14. Qa5 Ra7
15. Qxc7 Rxc7 16. e5 Ng4 17. Nxd4 Nxf2 18. Be2 Nxh1 19. Rxh1 bxc4 20. dxc4 O-O
21. Kb1 Bb7 22. Bf3 Bxf3 23. gxf3 Rxc4 24. Ne2 Rfc8 25. h3 Rc2 26. Nc3 Rf2 27.
h4 Rxf3 28. a3 Bxa3 29. Rh2 Rb8 {Zapis nieczytelny} 0-1

[Event "Open Jastrzebie 2019"]
[Site "?"]
[Date "2019.08.14"]
[Round "3.2"]
[White "Khamitskiy, Sergei"]
[Black "Norov, Artem"]
[Result "1-0"]
[WhiteElo "2243"]
[BlackElo "1894"]
[PlyCount "73"]

1. d4 Nf6 2. c4 e6 3. g3 g6 4. Bg2 Bg7 5. Nc3 O-O 6. e4 d6 7. Nf3 c5 8. O-O
Nbd7 9. h3 e5 10. dxc5 dxc5 11. Bg5 Qa5 12. Qd2 Re8 13. Nd5 Qxd2 14. Nxd2 Nxd5
15. cxd5 b6 16. Rfc1 Ba6 17. Bf1 Bxf1 18. Kxf1 f5 19. f3 h6 20. Be3 Nf6 21. g4
fxe4 22. fxe4 Rf8 23. Ke2 Ne8 24. a3 Nd6 25. Kd3 Rac8 26. b4 Nb7 27. bxc5 bxc5
28. Rab1 Rf7 29. Nc4 h5 30. gxh5 gxh5 31. Rg1 Kh7 32. Rg5 Rh8 33. Rbg1 Re7 34.
Rxh5+ Kg8 35. Rxh8+ Kxh8 36. Rg6 Kh7 37. Ra6 1-0

[Event "Open Jastrzebie 2019"]
[Site "?"]
[Date "2019.08.14"]
[Round "3.3"]
[White "Shystarova, Svitlana"]
[Black "Tymrakiewicz, Rafal"]
[Result "0-1"]
[WhiteElo "1865"]
[BlackElo "2226"]
[PlyCount "50"]

1. e4 Nf6 2. Nc3 d5 3. e5 Ne4 4. Nxe4 dxe4 5. d4 exd3 6. Qxd3 Qxd3 7. Bxd3 Nc6
8. Bf4 g5 9. Bg3 Bg7 10. Bb5 Bd7 11. O-O-O O-O-O 12. Nf3 g4 13. Bxc6 Bxc6 14.
Nh4 e6 15. Rhe1 Bh6+ 16. Kb1 Bd2 17. Rg1 Bb5 18. Rh1 Be2 19. Rdg1 Rd5 20. a3 b5
21. f3 h5 22. h3 Rg8 23. hxg4 hxg4 24. Bf2 g3 25. Bxa7 Kb7 0-1

[Event "Open Jastrzebie 2019"]
[Site "?"]
[Date "2019.08.14"]
[Round "3.4"]
[White "Darda, Roman"]
[Black "Galuszka, Tomasz"]
[Result "0-1"]
[WhiteElo "1850"]
[BlackElo "2113"]
[PlyCount "74"]

1. d4 d5 2. c4 e6 3. Nc3 Nf6 4. cxd5 exd5 5. Bg5 Be7 6. e3 c6 7. Bd3 O-O 8.
Nge2 Nbd7 9. O-O Re8 10. Qc2 Nf8 11. Rae1 Be6 12. f3 Rc8 13. e4 dxe4 14. fxe4
Ng4 15. Bd2 Bg5 16. Qc1 Bxd2 17. Qxd2 c5 18. d5 Bd7 19. Nf4 Qb6 20. Bc4 Ne5 21.
b3 Qd6 22. h3 a6 23. Nh5 b5 24. Rf6 Qb8 25. Qg5 Neg6 26. Nxg7 Qe5 27. Qh6 Qxf6
28. Nh5 Qxc3 29. Re2 Qa1+ 30. Kh2 Qe5+ 31. Kh1 bxc4 32. Rf2 cxb3 33. Rf6 Qxh5
34. Qxh5 b2 35. Rf1 Rxe4 36. Qg5 c4 37. Qf6 Rf4 0-1

[Event "Open Jastrzebie 2019"]
[Site "?"]
[Date "2019.08.14"]
[Round "3.5"]
[White "Distel, Pawel"]
[Black "Kelemen, Szabolcs"]
[Result "1/2-1/2"]
[WhiteElo "1705"]
[BlackElo "1939"]
[PlyCount "91"]

1. Nf3 c5 2. g3 Nc6 3. Bg2 g6 4. O-O Bg7 5. e4 e6 6. d3 Nge7 7. c3 e5 8. Na3 d5
9. Ng5 d4 10. c4 O-O 11. f4 f6 12. Nf3 Bg4 13. h3 Bxf3 14. Qxf3 f5 15. Qe2 Qd7
16. Nc2 Rae8 17. fxe5 Nxe5 18. Bf4 Kh8 19. Kh2 N7c6 20. Qd2 fxe4 21. Bxe4 Nxc4
22. Qg2 N4e5 23. Ne1 Re7 24. Nf3 Nxf3+ 25. Bxf3 Ne5 26. Bxe5 Rxe5 27. Bxb7 Qe7
28. Rxf8+ Bxf8 29. Rf1 Bh6 30. Bd5 Qd8 31. Bc4 Qe8 32. Rf7 Re2 33. Rf2 Re3 34.
Qd5 Bg7 35. Qg2 Qb8 36. b3 Be5 37. Rf3 h5 38. h4 Qd8 39. Kg1 Qe7 40. Qf2 Bg7
41. Kf1 Kh7 42. Bd5 Qe5 43. Bc4 a5 44. a4 Qe7 45. Bd5 Qe5 46. Bc4 1/2-1/2

[Event "Open Jastrzebie 2019"]
[Site "?"]
[Date "2019.08.14"]
[Round "3.6"]
[White "Klepek, Witold"]
[Black "Zak, Rafal"]
[Result "1-0"]
[WhiteElo "2197"]
[BlackElo "1610"]
[PlyCount "121"]
[SourceDate "2019.08.15"]

1. e4 c6 2. d4 d5 3. f3 dxe4 4. fxe4 e5 5. Nf3 exd4 6. Bc4 Be6 7. Bxe6 fxe6 8.
O-O Nf6 9. e5 Ne4 10. Nbd2 Nxd2 11. Qxd2 Be7 12. Nxd4 Qd5 13. Nf3 Nd7 14. Qe2
O-O-O 15. c4 Qa5 16. Bd2 Qb6+ 17. Be3 Bc5 18. Bxc5 Nxc5 19. Kh1 Nd3 20. b3 Rhf8
21. g3 Rf5 22. Kg2 Qc5 23. Rad1 Nxe5 24. Rxd8+ Kxd8 25. Rd1+ Ke7 26. Nd4 Rf6
27. b4 Qxc4 28. Qxe5 Qxa2+ 29. Qe2 Qxe2+ 30. Nxe2 Rf5 31. Ra1 Rb5 32. Ra4 a6
33. Nc3 Re5 34. Kf3 g5 35. Ra5 Rf5+ 36. Ke4 Kf6 37. Rxf5+ exf5+ 38. Kd4 b6 39.
Na4 a5 40. bxa5 c5+ 41. Nxc5 bxa5 42. Kd5 h5 43. h3 Kf7 44. Ke5 Kg6 45. h4 gxh4
46. gxh4 f4 47. Kxf4 Kf6 48. Na4 Kg6 49. Ke5 Kh6 50. Kf6 Kh7 51. Kg5 Kg7 52.
Kxh5 Kh7 53. Kg5 Kg7 54. h5 Kh7 55. h6 Kh8 56. Kg6 Kg8 57. Nc5 Kh8 58. Nd7 a4
59. Ne5 a3 60. h7 a2 61. Nf7# 1-0

[Event "Open Jastrzebie 2019"]
[Site "?"]
[Date "2019.08.14"]
[Round "3.7"]
[White "Molenda, Marcin"]
[Black "Radecki, Adam"]
[Result "1-0"]
[WhiteElo "2387"]
[BlackElo "1792"]
[PlyCount "99"]

1. d4 Nf6 2. c4 g6 3. g3 c6 4. Nf3 d5 5. Bg2 Bg7 6. O-O O-O 7. Nbd2 Ne4 8. e3
Nxd2 9. Nxd2 Bf5 10. cxd5 cxd5 11. Qb3 Nc6 12. Qxb7 Qd6 13. Qa6 Rab8 14. Nb3
Rb6 15. Qe2 Nb4 16. Bd2 Rc8 17. Bxb4 Rxb4 18. Rac1 Rbc4 19. f4 Rc2 20. Qb5 Qe6
21. Rxc2 Rxc2 22. Re1 Be4 23. Re2 Rxe2 24. Qxe2 Bxg2 25. Kxg2 Qe4+ 26. Kh3 h5
27. Nc5 Qb1 28. b3 e6 29. Nd3 Bf8 30. Kg2 Bd6 31. h3 Kg7 32. Nf2 a5 33. Nd3 Kg8
34. Qd2 Bb4 35. Qe2 Bd6 36. Nf2 Kg7 37. g4 hxg4 38. Nxg4 Qe4+ 39. Kf2 Be7 40.
Kg1 Bh4 41. Ne5 Bf6 42. Qd3 Qxd3 43. Nxd3 Be7 44. Ne5 Bb4 45. Nc6 Bc3 46. a3
Kf8 47. b4 axb4 48. axb4 Ke8 49. b5 Kd7 50. Ne5+ 1-0

[Event "Open Jastrzebie 2019"]
[Site "?"]
[Date "2019.08.14"]
[Round "3.8"]
[White "Koloczek, Maciej"]
[Black "Czerw, Dawid"]
[Result "0-1"]
[WhiteElo "1958"]
[BlackElo "2281"]
[PlyCount "54"]

1. e4 g6 2. d4 Bg7 3. Nc3 c5 4. Nf3 Qa5 5. Be3 cxd4 6. Nxd4 Nf6 7. Nb3 Qd8 8.
Be2 Nc6 9. O-O O-O 10. f4 d6 11. Bf3 Bd7 12. h3 a6 13. Na4 Be6 14. Nb6 Rb8 15.
c3 Nd7 16. Nxd7 Bxd7 17. Nd4 Na5 18. Bf2 Qc7 19. Rc1 b5 20. Qe2 Bh6 21. Bg3 e5
22. fxe5 dxe5 23. Qf2 Nc4 24. Rce1 Nd2 25. Nb3 Nxf1 26. Rxf1 Rbc8 27. Nc1 Be6
0-1

[Event "Open Jastzebie 2019"]
[Site "?"]
[Date "2019.08.14"]
[Round "3.9"]
[White "Kozsik, Bende Barnabas"]
[Black "Kozubek, Krystian"]
[Result "1-0"]
[WhiteElo "2044"]
[BlackElo "1495"]
[PlyCount "63"]

1. e4 c6 2. d4 d5 3. exd5 cxd5 4. c4 Nf6 5. Nc3 e6 6. Nf3 Nc6 7. c5 a6 8. Bf4
Be7 9. a3 O-O 10. Bd3 Nh5 11. Be3 Qc7 12. Qd2 g6 13. g4 Ng7 14. Bf4 Qd8 15. Na4
Re8 16. Nb6 Ra7 17. b4 Bf6 18. Be2 e5 19. dxe5 Bxe5 20. Nxe5 Nxe5 21. O-O-O Nc6
22. Nxd5 Ne6 23. Bc4 Ncd4 24. Be5 Nf3 25. Qe3 Nxe5 26. Qxe5 Qh4 27. Nf6+ Kf8
28. Nxe8 Qxg4 29. Qh8+ Ke7 30. Qf6+ Kf8 31. Nd6 b5 32. Qh8+ 1-0

[Event "Open Jastrzebie 2019"]
[Site "?"]
[Date "2019.08.14"]
[Round "3.10"]
[White "Marcinowski, Marek"]
[Black "Lysakowski, Kamil"]
[Result "1-0"]
[WhiteElo "1881"]
[BlackElo "1494"]
[PlyCount "53"]

1. d4 Nf6 2. Nf3 c5 3. c3 d5 4. Bf4 Nc6 5. e3 Bf5 6. Qb3 Qb6 7. dxc5 Qxb3 8.
axb3 e6 9. b4 a5 10. Nd4 Bxb1 11. Nxc6 bxc6 12. Rxb1 axb4 13. cxb4 Nd7 14. Kd2
e5 15. Bg3 Rb8 16. Kc3 g6 17. Ra1 Bg7 18. Ra4 O-O 19. Kc2 Rb7 20. Ba6 Ra7 21.
Rha1 Rb8 22. f3 f5 23. e4 dxe4 24. Bc4+ Kf8 25. Rxa7 exf3 26. gxf3 Ke7 27. Rd1
1-0

[Event "Open Jastrzebie 2019"]
[Site "?"]
[Date "2019.08.14"]
[Round "3.11"]
[White "Kopaczewski, Zbigniew"]
[Black "Adamczyk, Piotr"]
[Result "0-1"]
[WhiteElo "1464"]
[BlackElo "1838"]
[PlyCount "102"]

1. g3 d5 2. e3 e5 3. d4 e4 4. c4 c6 5. Nc3 Nf6 6. Qb3 a6 7. Bh3 dxc4 8. Qxc4 b5
9. Qb3 Bb7 10. Qc2 Bb4 11. Nge2 O-O 12. Bd2 Qe7 13. Rc1 Re8 14. a3 Bd6 15. b4
Nbd7 16. O-O a5 17. Na2 Nb6 18. Qb3 Nc4 19. Be1 a4 20. Qd1 Nxa3 21. Bg2 Nd5 22.
Nec3 f5 23. g4 g6 24. gxf5 gxf5 25. Qe2 Nf6 26. Nd1 Nc4 27. f3 Qc7 28. fxe4
Nxe4 29. Qh5 Nf6 30. Qxf5 Rf8 31. Bh4 Be7 32. Qe6+ Kg7 33. Qf5 Bc8 34. Qg5+ Kh8
35. Qh6 Qd6 36. Bg3 Qe6 37. e4 Bd7 38. Nac3 Ng4 39. Qh5 Rxf1+ 40. Bxf1 Rg8 41.
d5 Qf6 42. dxc6 Rg5 43. Nd5 Qd4+ 44. Kh1 Rxh5 45. cxd7 Qxe4+ 46. Bg2 Qe6 47.
Nxe7 Qxe7 48. Bc6 Nb6 49. Nc3 Nxd7 50. Nxb5 Qe2 51. h4 Rxh4+ 0-1

[Event "Open Jastrzebie 2019"]
[Site "?"]
[Date "2019.08.14"]
[Round "3.12"]
[White "Dziendziel, Mateusz"]
[Black "Aleshko, Margarita"]
[Result "1-0"]
[WhiteElo "1801"]
[BlackElo "1319"]
[PlyCount "49"]

1. e4 e6 2. d4 d5 3. Nc3 Bb4 4. Nge2 dxe4 5. a3 Bxc3+ 6. Nxc3 Nc6 7. Bb5 Nge7
8. Be3 O-O 9. Qd2 a6 10. Bxc6 Nxc6 11. Nxe4 Qd5 12. Nc3 Qa5 13. O-O Ne7 14. d5
Nxd5 15. b4 Nxb4 16. axb4 Qxb4 17. Rfb1 Qg4 18. Bc5 Re8 19. Nb5 axb5 20. Rxa8
c6 21. Rd1 h6 22. h3 Qh5 23. Bb6 Bd7 24. Ra3 Bc8 25. Rd3 1-0

[Event "Open Jastrzebie 2019"]
[Site "?"]
[Date "2019.08.14"]
[Round "3.13"]
[White "Hoferek, Svatopluk"]
[Black "Gollner, Martin"]
[Result "1-0"]
[WhiteElo "1786"]
[BlackElo "1282"]
[PlyCount "83"]
[SourceDate "2019.08.15"]

1. d4 f5 2. Nf3 e6 3. d5 Bd6 4. Nc3 Nf6 5. Qd4 O-O 6. e4 fxe4 7. Nxe4 Nxd5 8.
Nxd6 cxd6 9. Bc4 Nc6 10. Qd1 Nf6 11. Qxd6 Qb6 12. O-O Ne4 13. Qa3 Nd4 14. Be3
Nxc2 15. Bxb6 Nxa3 16. Bd3 Nf6 17. Bc5 d6 18. Bxa3 e5 19. Bxd6 Rd8 20. Bc4+ Kh8
21. Nxe5 Rxd6 22. Nf7+ Kg8 23. Nxd6+ Kh8 24. Rad1 Bg4 25. f3 Bh5 26. Nxb7 Rc8
27. Rd8+ Rxd8 28. Nxd8 a5 29. Rc1 h6 30. Bd3 g6 31. g4 Nxg4 32. fxg4 Bxg4 33.
Rc7 Bf5 34. Bxf5 gxf5 35. Kf2 a4 36. Kf3 a3 37. bxa3 h5 38. Kf4 h4 39. Kxf5 h3
40. Kg6 Kg8 41. Rf7 Kh8 42. Rf8# 1-0

[Event "Open Jastrzebie 2019"]
[Site "?"]
[Date "2019.08.14"]
[Round "3.14"]
[White "Piechota, Kamil"]
[Black "Sacharczuk, Karolina"]
[Result "1-0"]
[WhiteElo "1663"]
[BlackElo "1250"]
[PlyCount "63"]

1. e4 e6 2. d4 d5 3. Nc3 dxe4 4. Nxe4 Nf6 5. Bg5 Be7 6. Bxf6 Bxf6 7. Nxf6+ Qxf6
8. Nf3 Nd7 9. c3 b6 10. Bb5 O-O 11. Bc6 Rb8 12. Qa4 Qe7 13. Qxa7 Qd6 14. Bxd7
Bxd7 15. Qa6 Bc6 16. Qe2 Qf4 17. O-O Bxf3 18. Qxf3 Qxf3 19. gxf3 Rfd8 20. Rfe1
Rd5 21. Re5 Re8 22. Rae1 Kf8 23. Rxd5 exd5 24. Rxe8+ Kxe8 25. a4 Kd7 26. b4 Kc6
27. Kf1 f5 28. Kg2 Kd6 29. Kg3 g5 30. f4 h6 31. fxg5 hxg5 32. h4 1-0

[Event "Open Jastrzebie 2019"]
[Site "?"]
[Date "2019.08.14"]
[Round "3.17"]
[White "Lysakowski, Piotr"]
[Black "Szymon, Jakub"]
[Result "1-0"]
[WhiteElo "1415"]
[BlackElo "1572"]
[PlyCount "120"]

1. d4 d5 2. c4 c6 3. Nc3 e6 4. e3 Nf6 5. Nf3 Nbd7 6. Bd3 dxc4 7. Bxc4 b5 8. Bd3
b4 9. Na4 Be7 10. O-O O-O 11. e4 Re8 12. Qc2 Nf8 13. Qxc6 Bd7 14. Qc2 Qa5 15.
b3 Rec8 16. Qd1 Qh5 17. Nb2 Ng6 18. Nc4 e5 19. Nfxe5 Ng4 20. h3 Rxc4 21. Bxc4
N6xe5 22. dxe5 Qxe5 23. hxg4 Bd6 24. Bf4 Qxf4 25. g3 Qe5 26. Qd5 Qxd5 27. Bxd5
Re8 28. Rad1 Bxg4 29. Bxf7+ Kxf7 30. Rxd6 Bf3 31. Rd7+ Kg6 32. Rc1 Rxe4 33.
Rc6+ Kh5 34. Rc1 Kh6 35. Rd6+ g6 36. Rd3 Be2 37. Re3 Rxe3 38. fxe3 Bd3 39. Rc7
a6 40. Rb7 Bb1 41. Rxb4 Bxa2 42. Kf2 a5 43. Rb5 Kg7 44. e4 Kf6 45. Ke3 h6 46.
Kd4 g5 47. Kc3 Bb1 48. e5+ Kf5 49. Rxa5 Kg4 50. e6 Kxg3 51. e7 Bg6 52. Ra6 Bf7
53. Rxh6 g4 54. Rh8 Kg2 55. e8=Q Bxe8 56. Rxe8 g3 57. b4 Kh2 58. b5 g2 59. Rg8
Kg1 60. b6 Kh1 1-0

[Event "Open Jastrzebie 2019"]
[Site "?"]
[Date "2019.08.14"]
[Round "3.18"]
[White "Borkowski, Maciej"]
[Black "Malinowska, Maja"]
[Result "1-0"]
[WhiteElo "1415"]
[BlackElo "1572"]
[PlyCount "99"]

1. c4 e5 2. Nc3 Nf6 3. g3 d5 4. cxd5 Nxd5 5. Bg2 Nf6 6. d3 Nc6 7. Nf3 Bg4 8.
O-O Be7 9. Bg5 O-O 10. h3 Bh5 11. Qb3 Rb8 12. g4 Bg6 13. Bxf6 Bxf6 14. Nd5 Kh8
15. Nxf6 Qxf6 16. Rad1 b6 17. Qc3 Rbc8 18. e3 Qe6 19. Ng5 Qe7 20. Nxf7+ Bxf7
21. Qxc6 Bxa2 22. Ra1 Qf7 23. Qa4 Bd5 24. e4 Be6 25. Qxa7 Qf4 26. Rac1 Rf7 27.
Qa4 Bd7 28. Qc2 Bb5 29. Rce1 Rcf8 30. Re3 c5 31. Rf3 Qg5 32. Rxf7 Rxf7 33. Qb3
Be8 34. Qxb6 Qd2 35. Qb8 Rf8 36. Qxe5 Qxd3 37. Qxc5 Rg8 38. e5 Qe2 39. Qc3 Bd7
40. Re1 Qa6 41. Qc7 Be6 42. Qd6 Qa2 43. b4 Qc4 44. Qc5 Rc8 45. Qxc4 Rxc4 46. b5
Rb4 47. Bc6 Bc4 48. e6 Bxb5 49. Bxb5 Rxb5 50. e7 1-0

[Event "Open Jastrzebie 2019"]
[Site "?"]
[Date "2019.08.14"]
[Round "3.19"]
[White "Wos, Kacper"]
[Black "Kordela, Monika"]
[Result "1-0"]
[WhiteElo "1313"]
[BlackElo "1541"]
[PlyCount "95"]

1. d4 Nf6 2. c4 e5 3. dxe5 Ng4 4. e4 Nxe5 5. Be3 Bb4+ 6. Nd2 Nbc6 7. Be2 d6 8.
a3 Bxd2+ 9. Qxd2 Be6 10. b3 O-O 11. f4 Ng4 12. Bxg4 Bxg4 13. h3 Bd7 14. Ne2 Re8
15. Nc3 Qh4+ 16. Bf2 Qf6 17. O-O Qd8 18. b4 a6 19. Rad1 Be6 20. Qd3 h6 21. f5
Ne5 22. fxe6 Nxd3 23. exf7+ Kh8 24. fxe8=Q+ Qxe8 25. Rxd3 Qe6 26. c5 dxc5 27.
Bxc5 a5 28. Rg3 Qe5 29. Rff3 axb4 30. axb4 Kg8 31. Nd5 b6 32. Be3 Kh8 33. Nf4
Qxe4 34. Ng6+ Kg8 35. Rg4 Qe6 36. Bxh6 Ra1+ 37. Kh2 Qd6+ 38. Bf4 Qd1 39. Bc1
Qd6+ 40. Bf4 Qd1 41. Bd2 Kh7 42. Rf8 Qg1+ 43. Kg3 Ra3+ 44. Kh4 Ra8 45. Rxa8
Qf2+ 46. g3 Qf6+ 47. Rg5 Qxg6 48. Rh8+ 1-0

[Event "Open Jastrzebie 2019"]
[Site "?"]
[Date "2019.08.14"]
[Round "3.21"]
[White "Ziebura, Paulina"]
[Black "Aleshko, Igor L"]
[Result "1/2-1/2"]
[WhiteElo "1623"]
[BlackElo "1270"]
[PlyCount "37"]

1. c4 c5 2. Nc3 Nf6 3. g3 d5 4. cxd5 Nxd5 5. Bg2 Nc7 6. d3 Nc6 7. Ne4 e5 8. Bg5
f6 9. Be3 Ne6 10. Qb3 Ned4 11. Bxd4 Nxd4 12. Qc3 Ne6 13. Nf3 Be7 14. O-O Rb8
15. Nfd2 b6 16. Nc4 O-O 17. Rfe1 Nd4 18. e3 Nf5 19. Rad1 1/2-1/2

[Event "Open Jastrzebie 2019"]
[Site "?"]
[Date "2019.08.14"]
[Round "3.22"]
[White "Gradalski, Olaf"]
[Black "Gadlina, Adrian"]
[Result "1-0"]
[WhiteElo "1531"]
[BlackElo "1097"]
[PlyCount "39"]

1. e4 e6 2. d4 d5 3. e5 c5 4. dxc5 Bxc5 5. Qg4 g6 6. Bd3 Qb6 7. Qe2 Nc6 8. c3
Bd7 9. Nf3 Qc7 10. O-O Nge7 11. Bg5 O-O-O 12. b4 Bb6 13. b5 Rhe8 14. bxc6 Qxc6
15. Na3 Kb8 16. Nb5 Bc7 17. Bf6 Rg8 18. Ng5 a6 19. Nxc7 Qxc7 20. Nxf7 1-0

[Event "Open Jastrzebie 2019"]
[Site "?"]
[Date "2019.08.14"]
[Round "3.23"]
[White "Kotowicz, Kamil"]
[Black "Brak, Marian"]
[Result "1-0"]
[WhiteElo "1498"]
[BlackElo "1489"]
[PlyCount "101"]

1. d4 f5 2. c4 Nf6 3. Nc3 e6 4. Bg5 Bb4 5. e3 c6 6. Nf3 O-O 7. Qb3 Qa5 8. Bxf6
Rxf6 9. a3 Bxc3+ 10. Qxc3 Qc7 11. c5 d5 12. cxd6 Qxd6 13. Bc4 Nd7 14. Ne5 Rh6
15. Nxd7 Bxd7 16. f4 Rc8 17. b4 b6 18. Rd1 Qe7 19. Qd3 Qh4+ 20. g3 Qh3 21. Kf2
Qg4 22. Qc2 c5 23. dxc5 Bc6 24. Be2 Qg6 25. cxb6 Qe8 26. Rc1 Bb7 27. Bc4 Bxh1
28. Bxe6+ Rxe6 29. Qxc8 Be4 30. b7 Bxb7 31. Qxb7 Qf7 32. Rc7 Qf8 33. Qd5 Qe8
34. Rxa7 g5 35. Ra8 Qxa8 36. Qxa8+ Kf7 37. Qd5 gxf4 38. exf4 Kf6 39. Qxe6+ Kxe6
40. a4 h5 41. a5 Kd6 42. b5 Kc5 43. b6 Kc6 44. Ke3 Kb7 45. Kd4 Ka6 46. Kc5 Kb7
47. Kb5 Kb8 48. Kc6 Kc8 49. b7+ Kb8 50. Kb6 h4 51. a6 1-0